000 00529nam a22002417a 4500
003 UA-OsUOA
001 26496
007 ta
008 20040604b un ||||| |||| 00| 0 ukr d
100 _aДариус Дж.
090 _a53
_bД20
942 _cBK
040 _aUA-OsUOA
_brus
_cUA-OsUOA
_dUA-OsUOA
245 _aНедоступное глазу
300 _a249 с.
955 _a0
041 _arus
080 _a53
260 _aМосква
_bМир
_c1986
044 _aRU
650 7 _2UDC
999 _c312821
_d312821